El amor y la muerte en Long Island = Love and Death on Long Island /
Gorde:
| Egile nagusia: | |
|---|---|
| Beste egile batzuk: | , , , , , , , |
| Formatua: | |
| Hizkuntza: | ingelesa |
| Argitaratua: |
Londres, Inglaterra :
Skyline Films,
1996, c1996
|
| Gaiak: | |
| Etiketak: |
Etiketarik gabe, Izan zaitez lehena erregistro honi etiketa jartzen!
|
MARC
| LEADER | 00000ngm^a2200000^a^4500 | ||
|---|---|---|---|
| 001 | 000380568 | ||
| 005 | 20250521000000.0 | ||
| 009 | 20260310120609.91 | ||
| 020 | |a 1-58817-809-9 | ||
| 025 | |a Compra Videodiversión, 1 ejemplar | ||
| 037 | |a Acervo ITESO - Biblioteca | ||
| 041 | |a ING | ||
| 082 | |a 820. |b KWI | ||
| 100 | |a Kwietniowski, Richard |e (realización) | ||
| 240 | 1 | 4 | |a [El amor y la muerte en Long Island] |
| 245 | 1 | 3 | |a El amor y la muerte en Long Island = |b Love and Death on Long Island / |c Realización de R. Altman. |
| 246 | 2 | |a Título en la cubierta: Love and Death on Long Island | |
| 264 | 4 | |a Londres, Inglaterra : |b Skyline Films, |c 1996, c1996 | |
| 264 | 2 | |a Santa Mónica, EUA : |b Lionsgate [distribución], |c 2003, c2003 | |
| 300 | |a 1 DVD región 1 (94 min.) : |b color | ||
| 336 | |a imagen móvil bidimensional |b tdi |2 rdacontenido | ||
| 337 | |a video |b v |2 rdamedio | ||
| 338 | |a videodisco |b vd |2 rdasoporte | ||
| 500 | |a Basado en: Amor y muerte en Long Island, de Gilbert Adair | ||
| 546 | |a En inglés, con subtítulos opcionales: español, inglés | ||
| 586 | |a Premio BAFTA, de la Academia Británica de Cine y Televisión (52°: 1998): Mejor Director, Guionista o Productor Británico Novel – Premio Carl Foreman (ganador: Richard Kwietniowski, director) | ||
| 649 | |a XX | ||
| 650 | |a Escritores en el Cine | ||
| 650 | |a Artistas en el Cine | ||
| 650 | |a Jóvenes en el Cine | ||
| 650 | |a Comedias Cinematográficas | ||
| 650 | |a Opera Prima | ||
| 650 | |a Cine Gay y Lésbico - |z Inglaterra | ||
| 650 | |a Cine Independiente - |z Inglaterra | ||
| 650 | |a Cine Inglés - |y 1990-1999 | ||
| 650 | |a Cine Inglés - |y Siglo XX | ||
| 650 | |a Novela Escocesa - |x Adaptaciones para Cine | ||
| 650 | |a Novela Inglesa - |x Adaptaciones para Cine | ||
| 650 | |a Literatura Escocesa - |y Siglo XX - |x Adaptaciones para Cine | ||
| 650 | |a Literatura Inglesa - |y Siglo XX - |x Adaptaciones para Cine | ||
| 650 | |a Literatura y Cine | ||
| 650 | |a Cortejo y Seducción | ||
| 650 | |a Amor | ||
| 650 | |a Homosexualidad | ||
| 650 | |a Obsesión | ||
| 650 | |a Belleza Personal | ||
| 650 | |a Long Island, EUA en el Cine | ||
| 700 | |a Kwietniowski, Richard |e (guión) | ||
| 700 | |a Curtis, Oliver |e (fotógrafo) | ||
| 700 | |a Shipton, Susan |e (montaje) | ||
| 700 | |a The Insects (Grupo Musical) |e (música) | ||
| 700 | |a Grassby-Lewis, Richard |e (música) | ||
| 700 | |a Hurt, John |e (actuación) | ||
| 700 | |a Priestley, Jason |e (actuación) | ||
| 700 | |a Loewi, Fiona |e (actuación) | ||
| 910 | |a Fondo General | ||
| 920 | |a Audiovisuales - DVDs | ||
| 940 | |a Películas | ||
| 905 | |a 302 | ||
| 901 | |a 0500274603 |b IT2 |c DVS |i C151271 |u 20250521 | ||
| 902 | |a https://opac.biblio.iteso.mx/vufind/Record/000380568 | ||